Neural networks for conditional probability estimation : forecasting beyond point predictions

Αποθηκεύτηκε σε:
Λεπτομέρειες βιβλιογραφικής εγγραφής
Κύριος συγγραφέας: Husmeier, Dirk, 1964-
Μορφή: Βιβλίο
Γλώσσα:English
Δημοσίευση: London : Springer, c1999.
Σειρά:Perspectives in neural computing
Θέματα:
Ετικέτες: Προσθήκη ετικέτας
Δεν υπάρχουν, Καταχωρήστε ετικέτα πρώτοι!

MARC

LEADER 00000cam a2200000 i 4500
001 1/12607
008 001011s1999 enk| ||| |||| ||eng||
020 |a 1852330953 
035 |l 10064271 
040 |a GR-MyUA  |b gre  |e AACR2 
041 0 |a eng 
082 0 |a 006.32  |2 (21) 
100 1 |a Husmeier, Dirk,   |d 1964- 
245 1 0 |a Neural networks for conditional probability estimation :   |b forecasting beyond point predictions /   |c Dirk Husmeier.  
260 |a London :   |b Springer,   |c c1999.  
300 |a xxiii, 275 σ. :   |b εικ. ;   |c 24 εκ.  
490 1 |a (Perspectives in neural computing)  
504 |a Περιέχει βιβλιογραφικές αναφορές και ευρετήριο.  
650 0 0 |a Neural networks (Computer science) 
650 0 0 |a Distribution (Probability theory)  |x Data processing. 
830 0 |a Perspectives in neural computing 
852 |a INST  |b SAMOS  |e 20001011  |h 006.32 HUS  |p 005300018813  |q 005300018813  |t BK  |y 0 
852 |a INST  |b SAMOS  |e 20001011  |h 006.32 HUS  |p 005300018814  |q 005300018814  |t BK  |y 0 
852 |a INST  |b SYROS  |e 20001011  |h 006.32 HUS  |p 005500000441  |q 005500000441  |t BK  |y 0 
901 |a BIBL3-2000-3 
909 |a Σ  |b 079648 
909 |a Σ  |b 079649 
909 |a Ε  |b 079650 
922 |a 3ΕΛΗ  |b 200002  |c ΤΠΕΣ/ΠΟΛ  |d LEADER 
922 |a 5ΕΛΗ  |b 200002  |c ΤΠΕΣ/ΠΟΛ  |d LEADER 
970 |a ΚΟΣΙΕΡΗΣ  |b ΧΡΗΣΤΟΣ  |z 2000/10/11